000 00873aam a2200313 i 4500
001 768714001
003 CO-MdFUSB
005 20250430105558.0
007 ta
008 250430t1978 sp |||| |||| 00| 0 spa d
020 _a84-7228-390-9
040 _cCO-MdFUSB
041 0 _aspa
_heng
082 0 4 _223
_a239
_bV674e
100 1 _aVigeveno, H. S.
_eautor
240 _aThe listener
245 1 3 _aEl espectador
_c/ H. S. Vigeveno ; traducido por Francisco Cazorla Olmo
264 1 _bClie,
_aTerrassa, Barcelona, España :
_c[1978]
264 4 _c©1978
300 _a174 páginas
336 _atexto
_btxt
_2rdacontent
337 _2rdamedia
_asin mediación
_bn
338 _2rdacarrier
_avolumen
_bnc
563 _aRústico
650 7 _aApologética
_9187
700 _aCazorla Olmo, Francisco,
_96064
_etraductor
942 _cBK
945 _aJTF-925
999 _c35152
_d35152